00530 2200181 4500245010000000020002200100250001100122100002900133700003000162650002600192650000900218005001900227260004300246041001400289084001000303300002600313336000900339 aSeri Sukses Premium Edition Persiapan SPMB PKN - STAN - Jilid 3cZindi Willy Arya KatamsihText a978-602-74802-7-8 aCet. 1 aZindi Willy Arya Katamsi aAngger Pambayun Dimas S W aLatihan Soal PKN STAN aSTAN a20240228151054 aTangerangbSapta Bhuawana Carakac2019 aIndonesia a371.3 av, 330 hlm. :c28 cm. atext